| 000 | 01105cam a2200301 a 4500 | ||
|---|---|---|---|
| 001 | 000012242 | ||
| 005 | 20200929162746.0 | ||
| 008 | 830304s1982 mx a b 000 0 spa | ||
| 010 | _a82230802 | ||
| 020 | _a9681609018 (set) | ||
| 020 | _a9681610113 (v. 1) | ||
| 020 | _a9681610121 (v. 2) | ||
| 035 | _a(DLC) 82230802 | ||
| 040 |
_aDO-SdBNP _cDLC _dDLC |
||
| 082 |
_a379.72 _bH673e |
||
| 245 | 0 | 0 |
_aHistoria de la educación pública en México / _ccoordinadores, Fernando Solana, Raúl Cardiel Reyes y Raúl Bolaños ; [colaboradores, Fernando Solana ... et al.]. |
| 260 |
_aMéxico D. F. : _bFondo de Cultura Económica, _c1982. |
||
| 300 |
_a2 v. (viii, 642 p.) : _bil. ; _c17 cm. |
||
| 490 | 1 |
_aSEP 80 ; _v15 |
|
| 504 | _aIncluye referencias bibliográficas al pie de páginas. | ||
| 650 | 4 |
_aEscuelas públicas _zMéxico _928889 |
|
| 650 | 4 |
_aEducación _zMéxico _xHistoria _928890 |
|
| 700 | 1 |
_aSolana, Fernando. _928891 |
|
| 700 | 1 |
_aCardiel Reyes, Raúl. _928892 |
|
| 700 | 1 |
_aBolaños Martínez, Raúl. _928893 |
|
| 830 | 0 |
_aSEP/80 ; _v15. _916689 |
|
| 910 | _aCatalogación por copia/LC | ||
| 999 |
_c11900 _d11900 |
||